| 000 | 01408nab a2200217uuc4500 | ||
|---|---|---|---|
| 001 | 1313181 | ||
| 005 | 20260429102216.0 | ||
| 008 | 130129 spa | ||
| 035 | _a1313181 | ||
| 040 | _ccomduadb | ||
| 041 | _aspa | ||
| 100 | 1 | 0 |
_aRodriguez, Pedro Gerardo _4aut _eaut _9572193 |
| 245 | 1 | 0 | _aSombras y luces de un filme |
| 520 | 3 | _aEn febrero de 2012 fue presentada la película De panzazo, que critica el estado actual de la educación en México y responsabiliza a los maestros, al Sindicato Nacional de Trabajadores de la Educación (SNTE) y, en menor medida, al gobierno. La película alcanzó un gran éxito de taquilla y mereció no pocos comentarios periodísticos, que necesariamente eran producto de una primera impresión. Cuatro meses después, cuando los ecos del debate todavía se escuchaban, fue presentada la respuesta del SNTE, denominada El Afán Educativo, en la que presentan los problemas desde su perspectiva. En este artículo se analizan ambos documentales, sus contenidos y supuestos básicos, así como la coyuntura en la que surgen. | |
| 650 |
_aDocumental _933448 |
||
| 650 | 7 |
_aSindicatos _2lemb _92275 |
|
| 650 |
_aEvaluacion de maestros _972078 |
||
| 650 | 7 |
_aPolítica educativa _2lemb _9856390 |
|
| 773 | 0 |
_tRevista Latinoamericana de Estudios Educativos (México) _gVol. 42, No. 02, Abr.-Jun. 2012, p. 7-47 _w951224 _x0185-1284 _0365023 |
|
| 942 | _cARIMP | ||
| 999 |
_c648097 _d648097 |
||